The age of Roosevelt 3 V. V1: The crisis of the old order. V2:the coming of the new deal V3:The politics of upheaval (Record no. 186142)

MARC details
000 -LEADER
fixed length control field 00478nam a2200145Ia 4500
008 - FIXED-LENGTH DATA ELEMENTS--GENERAL INFORMATION
fixed length control field 230917s9999||||xx |||||||||||||| ||und||
040 ## - CATALOGING SOURCE
-- 42080
Original cataloging agency VIVEKANANDA LIBRARY
041 ## - Language
-- English
082 ## - DDC NUMBER
Classification number 973.917 S38A
100 ## - MAIN ENTRY--PERSONAL NAME
Personal name Schlesinger, Arthur M
245 #4 - TITLE STATEMENT
Title The age of Roosevelt 3 V. V1: The crisis of the old order. V2:the coming of the new deal V3:The politics of upheaval
260 ## - PUBLICATION, DISTRIBUTION, ETC. (IMPRINT)
Place of publication, distribution, etc Boston
Name of publisher, distributor, etc Houghton Mifflin
Date of publication, distribution, etc 1959
300 ## - PHYSICAL DESCRIPTION
Pages xiv, 557 p. ; xii, 749 ; xii, 669
942 ## - ADDED ENTRY ELEMENTS (KOHA)
Koha item type Books
Holdings
Withdrawn status Lost status Damaged status Not for loan Location (home branch) Sublocation or collection (holding branch) Date acquired Koha issues (times borrowed) Koha full call number Accession No. Koha date last seen Koha item type
        VIVEKANANDA LIBRARY VIVEKANANDA LIBRARY 12/11/2002 1 973.917 S38A 41852 13/01/2026 Books
        VIVEKANANDA LIBRARY VIVEKANANDA LIBRARY 12/11/2002   973.917 S38A 41870 17/09/2023 Books
        VIVEKANANDA LIBRARY VIVEKANANDA LIBRARY 12/11/2002   973.917 S38A 41933 17/09/2023 Books
© Designed and Maintained by Vivekananda Library, MDU Rohtak